Obstetrics : (Record no. 1321)
[ view plain ]
| 000 -LEADER | |
|---|---|
| fixed length control field | 01362cam a22003734a 4500 |
| 001 - CONTROL NUMBER | |
| control field | 12190539 |
| 003 - CONTROL NUMBER IDENTIFIER | |
| control field | OSt |
| 005 - DATE AND TIME OF LATEST TRANSACTION | |
| control field | 20150331155257.0 |
| 008 - FIXED-LENGTH DATA ELEMENTS--GENERAL INFORMATION | |
| fixed length control field | 000929s2002 nyua b 001|0 eng c |
| 010 ## - LIBRARY OF CONGRESS CONTROL NUMBER | |
| LC control number | 00047461 |
| 020 ## - INTERNATIONAL STANDARD BOOK NUMBER | |
| International Standard Book Number | 0443065721 |
| 035 ## - SYSTEM CONTROL NUMBER | |
| System control number | (DNLM)100966276 |
| 040 ## - CATALOGING SOURCE | |
| Original cataloging agency | DNLM/DLC |
| Transcribing agency | DLC |
| Modifying agency | DLC |
| 042 ## - AUTHENTICATION CODE | |
| Authentication code | pcc |
| 050 00 - LIBRARY OF CONGRESS CALL NUMBER | |
| Classification number | RG524 |
| Item number | .O3 2002 |
| 060 00 - NATIONAL LIBRARY OF MEDICINE CALL NUMBER | |
| Classification number | WQ 100 |
| Item number | O165 2001 |
| 082 00 - DEWEY DECIMAL CLASSIFICATION NUMBER | |
| Classification number | WQ 100 O165 2002 |
| Edition number | 21 |
| 245 00 - TITLE STATEMENT | |
| Title | Obstetrics : |
| Remainder of title | normal and problem pregnancies / |
| Statement of responsibility, etc. | [edited by] Steven G. Gabbe, Jennifer R. Niebyl, Joe Leigh Simpson ; illustrated by Mickey Senkarik and Michael Cooley. |
| 250 ## - EDITION STATEMENT | |
| Edition statement | 4th ed. |
| 260 ## - PUBLICATION, DISTRIBUTION, ETC. (IMPRINT) | |
| Place of publication, distribution, etc. | New York : |
| Name of publisher, distributor, etc. | Churchill Livingstone, |
| Date of publication, distribution, etc. | c2002. |
| 300 ## - PHYSICAL DESCRIPTION | |
| Extent | xvii, 1429 p. : |
| Other physical details | ill. ; |
| Dimensions | 29 cm. |
| 504 ## - BIBLIOGRAPHY, ETC. NOTE | |
| Bibliography, etc | Includes bibliographical references and index. |
| 650 #0 - SUBJECT ADDED ENTRY--TOPICAL TERM | |
| Topical term or geographic name as entry element | Obstetrics. |
| 9 (RLIN) | 5 |
| 650 #0 - SUBJECT ADDED ENTRY--TOPICAL TERM | |
| Topical term or geographic name as entry element | Pregnancy |
| General subdivision | Complications. |
| 9 (RLIN) | 3506 |
| 650 12 - SUBJECT ADDED ENTRY--TOPICAL TERM | |
| Topical term or geographic name as entry element | Obstetrics. |
| 9 (RLIN) | 5 |
| 650 22 - SUBJECT ADDED ENTRY--TOPICAL TERM | |
| Topical term or geographic name as entry element | Pregnancy Complications. |
| 9 (RLIN) | 3401 |
| 700 1# - ADDED ENTRY--PERSONAL NAME | |
| Personal name | Gabbe, Steven G. |
| 9 (RLIN) | 3507 |
| 700 1# - ADDED ENTRY--PERSONAL NAME | |
| Personal name | Niebyl, Jennifer R. |
| 9 (RLIN) | 3508 |
| 700 1# - ADDED ENTRY--PERSONAL NAME | |
| Personal name | Simpson, Joe Leigh, |
| Dates associated with a name | 1943- |
| 9 (RLIN) | 3509 |
| 906 ## - LOCAL DATA ELEMENT F, LDF (RLIN) | |
| a | 7 |
| b | cbc |
| c | orignew |
| d | 1 |
| e | ocip |
| f | 20 |
| g | y-gencatlg |
| 942 ## - ADDED ENTRY ELEMENTS (KOHA) | |
| Source of classification or shelving scheme | Other/Generic Classification Scheme |
| Koha item type | Short Loan |
| Withdrawn status | Lost status | Source of classification or shelving scheme | Damaged status | Not for loan | Home library | Current library | Date acquired | Source of acquisition | Inventory number | Total Checkouts | Full call number | Barcode | Date last seen | Price effective from | Koha item type |
|---|---|---|---|---|---|---|---|---|---|---|---|---|---|---|---|
| Other/Generic Classification Scheme | MUST Main Library | MUST Main Library | 31/03/2015 | 2003/19589 | WQ 100 O165 2002 | 2015-0755 | 31/03/2015 | 31/03/2015 | Short Loan |
